Statistics for Pokemon Black/White/Black2/White2 Pokemon

Click here to take the quiz!

General Stats

  • This quiz has been taken 16 times
  • The average score is 112 of 170

Answer Stats

HintAnswer% Correct
Fire/DragonReshiram
90%
GrassSerperior
90%
GrassSnivy
90%
Psychic/FireVictini
90%
Electric/DragonZekrom
90%
IceBeartic
80%
WaterDewott
80%
Fire/FightingEmboar
80%
NormalHerdier
80%
Ground/FlyingLandorus
80%
GrassLilligant
80%
NormalLillipup
80%
GrassMaractus
80%
Normal/Psychic
Normal/Fighting
Meloetta
80%
PsychicMunna
80%
PsychicMusharna
80%
WaterOshawott
80%
WaterPanpour
80%
GrassPansage
80%
FirePansear
80%
NormalPatrat
80%
WaterSamurott
80%
Bug/PoisonScolipede
80%
GrassServine
80%
WaterSimipour
80%
GrassSimisage
80%
FireSimisear
80%
NormalStoutland
80%
FireTepig
80%
Electric/FlyingThundurus
80%
FlyingTornadus
80%
Bug/PoisonVenipede
80%
NormalWatchog
80%
WaterAlomomola
70%
Grass/PoisonAmoonguss
70%
Rock/FlyingArchen
70%
Rock/FlyingArcheops
70%
NormalAudino
70%
DragonAxew
70%
WaterBasculin
70%
ElectricBlitzle
70%
RockBoldore
70%
Water/RockCarracosta
70%
Ghost/FireChandelure
70%
NormalCinccino
70%
Steel/FightingCobalion
70%
GhostCofagrigus
70%
FightingConkeldurr
70%
GrassCottonee
70%
Bug/RockCrustle
70%
FireDarmanitan
70%
FireDarumaka
70%
Dark/DragonDeino
70%
GroundDrilbur
70%
DragonDruddigon
70%
Water/FlyingDucklett
70%
PsychicDuosion
70%
Bug/SteelDurant
70%
Bug/RockDwebble
70%
Electric/FlyingEmolga
70%
Bug/SteelEscavalier
70%
Ground/SteelExcadrill
70%
Grass/SteelFerroseed
70%
Grass/SteelFerrothorn
70%
Grass/PosionFoongus
70%
DragonFraxure
70%
Water/GhostFrillish
70%
Bug/ElectricGalvantula
70%
PoisonGarbodor
70%
Bug/SteelGenesect
70%
RockGigalith
70%
PsychicGothita
70%
PsychicGothorita
70%
FightingGurdurr
70%
DragonHaxorus
70%
FireHeatmor
70%
Dark/DragonHydreigon
70%
Water/GhostJellicent
70%
Bug/ElectricJoltik
70%
SteelKlang
70%
SteelKlink
70%
SteelKlinklang
70%
Ground/DarkKrokorok
70%
Ground/DarkKrookodile
70%
Ice/DragonKyurem
70%
Ghost/FireLampent
70%
Bug/FireLarvesta
70%
Bug/GrassLeavanny
70%
DarkLiepard
70%
Ghost/FireLitwick
70%
FightingMienfoo
70%
FightingMienshao
70%
NormalMinccino
70%
Water/GroundPalpitoad
70%
Dark/SteelPawniard
70%
GrassPetilil
70%
Normal/FlyingPidove
70%
Fire/FightingPignite
70%
DarkPurrloin
70%
PsychicReuniclus
70%
RockRoggenrola
70%
Ground/DarkSandile
70%
FightingSawk
70%
Dark/FightingScrafty
70%
Dark/FightingScraggy
70%
Water/GroundSeismitoad
70%
Bug/GrassSewaddle
70%
Psychic/FlyingSigilyph
70%
PsychicSolosis
70%
Ground/ElectricStunfisk
70%
Bug/GrassSwadloon
70%
Water/FlyingSwanna
70%
Psychic/FlyingSwoobat
70%
Rock/FightingTerrakion
70%
FightingThroh
70%
FightingTimburr
70%
Water/RockTirtouga
70%
Normal/FlyingTranquill
70%
PoisonTrubbish
70%
WaterTympole
70%
ElectricTynamo
70%
Normal/FlyingUnfeazant
70%
IceVanillish
70%
IceVanillite
70%
IceVanilluxe
70%
Grass/FightingVirizion
70%
GrassWhimsicott
70%
Bug/PoisonWhirlipede
70%
Psychic/FlyingWoobat
70%
GhostYamask
70%
ElectricZebstrika
70%
DarkZoroark
70%
DarkZorua
70%
Dark/DragonZweilous
70%
BugAccelgor
60%
PsychicBeheeyem
60%
Dark/SteelBisharp
60%
NormalBouffalant
60%
Normal/FlyingBraviary
60%
IceCryogonal
60%
IceCubchoo
60%
Normal/GrassDeerling
60%
ElectricEelektrik
60%
ElectricEelektross
60%
PsychicElgyem
60%
Ground/GhostGolett
60%
Ground/GhostGolurk
60%
PsychicGothitelle
60%
BugKarrablast
60%
Water/FightingKeldeo
60%
Dark/FlyingMandibuzz
60%
Normal/FlyingRufflet
60%
Normal/GrassSawsbuck
60%
BugShelmet
60%
Bug/FireVolcarona
60%
Dark/FlyingVullaby
60%
FightingBlack Belt
10%
GrassBlack Door
10%
Dark/PsychicBrycen-Man
10%
Steel/NormalF-00
10%
NormalHumanoid
10%
Dark/GhostMajin
10%
NormalMonica
10%
DarkMonster
10%
SteelMT
10%
Steel/ElectricMT2
10%
SteelTransport
10%
Flying/ElectricUFO
10%
Psychic/ElectricUFO 2
10%
FireWhite Door
10%

Score Distribution

Percentile by Number Answered

Percent of People with Each Score

Your Score History

You have not taken this quiz